000 00767nam a2200265Ia 4500
003 GCL
008 140319s9999 xx 000 0 ara d
040 _aGCL /
_cGCL
082 0 4 _a155.4
_bن ط
100 1 _aنايفة قطامى
245 1 0 _aطرق دراسة الطفل /
_cنايفة قطامى
700 1 _aمحمد برهوم
260 _a[S.N] :
_bدار الشروق ،
_c1989
300 _a209 ص
490 _a
650 0 4 _aالاطفال
650 0 4 _aعلم النفس
650 0 4 _aالتحليل النفسى
650 0 4 _aالامراض
650 0 4 _aالاختبارات
650 0 4 _aاختبارات الذكاء
650 0 4 _aالعلاج باللعب
650 0 4 _aالاختبارات الاسقاطية
942 _2ddc
_cBK
999 _c29806
_d29806